Normal view MARC view
  • Khawaja, mubashir ghani Batool,Khadija Jillani,Huzaifa & Khan,Iman

Entry Personal Name

Number of records used in: 2

001 - CONTROL NUMBER

  • control field: 4848

003 - CONTROL NUMBER IDENTIFIER

  • control field: NUST

005 - DATE AND TIME OF LATEST TRANSACTION

  • control field: 20170922122852.0

008 - FIXED-LENGTH DATA ELEMENTS

  • fixed length control field: 170922|| aca||aabn | a|a d

040 ## - CATALOGING SOURCE

  • Original cataloging agency: NUST
  • Transcribing agency: NUST

100 ## - HEADING--PERSONAL NAME

  • Personal name: Khawaja, mubashir ghani Batool,Khadija Jillani,Huzaifa & Khan,Iman

670 ## - SOURCE DATA FOUND

  • Source citation: Work cat.: (NUST): Khawaja, mubashir ghani Batool,Khadija Jillani,Huzaifa & Khan,Iman, Impact of FDI & Foreign aid on economic growth a case study of pakistan, 2017
© 2023 Central Library, National University of Sciences and Technology. All Rights Reserved.